00495nam a2200241Ia 450000500170000000800460001702000150006303700070007804000080008504000080009304000080010104100080010904100080011708400160012508400080014110000150014924500190016424500150018326000100019826000270020826000090023530000090024420260401122226.0008 250103s9999 xx 000 0 eng d a8175362863 aTB aEDL beng cEDL 2eng aeng a891.431 AHM qEDL aAhmad Shah 0aBijak of Kabir 0cAhmad Shah aDelhi bLow Price Publications c2002 a236p